书目信息 |
| 题名: |
恋爱 择偶 怀格
|
|
| 作者: | 祝利 , 高琳 主编 | |
| 分册: | ||
| 出版信息: | 天津 南开大学出版社 1995.04 |
|
| 页数: | 419页 | |
| 开本: | 32开 | |
| 丛书名: | ||
| 单 册: | ||
| 中图分类: | B844.2 | |
| 科图分类: | ||
| 主题词: | 发展心理学 | |
| 电子资源: | ||
| ISBN: | 7-310-00817-0 | |
| 000 | 00577nam0 2200205 45 | |
| 001 | 1009090097 | |
| 005 | 20100909000556.0 | |
| 010 | @a7-310-00817-0@d9.80元 | |
| 100 | @a20100909d1995 km y0chiy0120 ea | |
| 101 | 0 | @achi |
| 105 | @a z 000yy | |
| 200 | 1 | @a恋爱 择偶 怀格@ALian Ai Ze Ou Huai Ge@f祝利,高琳主编@FZhu Li,Gao Lin Zhu Bian |
| 210 | @a天津@c南开大学出版社@d1995.04 | |
| 215 | @a419页@d32开 | |
| 606 | 0 | @a发展心理学 |
| 690 | @aB844.2@v3 | |
| 701 | 0 | @a祝利@4主编 |
| 701 | 0 | @a高琳@4主编 |
| 801 | @aCN@bPftUser@c20100909 | |
| 905 | @b134228-232@dB844.2@eZ.323@f5 | |
| 恋爱 择偶 怀格/祝利,高琳主编.-天津:南开大学出版社,1995.04 |
| 419页;32开 |
| ISBN 7-310-00817-0:9.80元 |
| ● |
| 相关链接 |
|
|
|
正题名:恋爱择偶怀格
索取号:B844.2/Z.323
 
预约/预借
| 序号 | 登录号 | 条形码 | 馆藏地/架位号 | 状态 | 备注 |
| 1 | 134228 | 201342289 | 社科库509/509社科库 39排1列4层/ [索取号:B844.2/Z.323] | 在馆 | |
| 2 | 134229 | 201342298 | 社科库509/509社科库 39排1列4层/ [索取号:B844.2/Z.323] | 在馆 | |
| 3 | 134230 | 201342305 | 社科库509/509社科库 39排1列4层/ [索取号:B844.2/Z.323] | 在馆 | |
| 4 | 134231 | 201342314 | 社科库509/509社科库 39排1列4层/ [索取号:B844.2/Z.323] | 在馆 | |
| 5 | 134232 | 201342323 | 社科库509/509社科库 39排1列4层/ [索取号:B844.2/Z.323] | 在馆 |